00256pam a2200121 a 4500020000500000041000800005082000800013100001600021245003700037250001000074260003700084300001300121 c aeng bAGR aAgrawal DK. aStart your own Export Business  a1995. aNew dehli :bHind Pocket books . a128 pg .